Wood structure and properties `94. : Latest Achievements in Research of Wood Structure and Physics. /
Uložené v:
| Hlavný autor: | |
|---|---|
| Médium: | Kniha |
| Jazyk: | English |
| Vydané: |
Zvolen :
Technická univerzita Zvolen,
1994
|
| Vydanie: | 1. vyd. |
| Témy: | |
| ISBN: |
8022803774 (brož.) |
| Fyzický popis: |
398 s. |
| Tagy: |
Pridať tag
Žiadne tagy, Buďte prvý kto otaguje tento záznam!
|
Titul je dostupný aj v ... 

MARC
| LEADER | 00000nam a2200000 a 4500 | ||
|---|---|---|---|
| 001 | 000036070 | ||
| 003 | SVKK | ||
| 005 | 19990615000000.0 | ||
| 008 | 950411s1994 xo e engo | ||
| 020 | |a 8022803774 (brož.) | ||
| 040 | |a SVKKK |b slo |c SVKKK |e AACR2 | ||
| 041 | 0 | |a eng | |
| 044 | |a xo |c SK | ||
| 080 | |a 630.81(082) |2 1997 | ||
| 245 | 0 | 0 | |a Wood structure and properties `94. : |b Latest Achievements in Research of Wood Structure and Physics. / |c Edit. Alexander Požgaj |
| 250 | |a 1. vyd. | ||
| 260 | |a Zvolen : |b Technická univerzita Zvolen, |c 1994 | ||
| 300 | |a 398 s. | ||
| 653 | 0 | |a drevo |2 SVKKKPH | |
| 653 | 0 | |a štruktúra |2 SVKKKPH | |
| 653 | 0 | |a vlastnosti |2 SVKKKPH | |
| 653 | 0 | |a zborníky |2 SVKKKPH | |
| 655 | 7 | |a zborníky |2 SVKKKPH | |
| 700 | 1 | |a Požgaj, Alexander |4 adp | |
| 910 | |a svkkk | ||
| 919 | |a 80-228-0377-4 | ||
| 974 | |a MI |d 19950522 | ||
| 974 | |a KL |d 19950517 | ||
| 974 | |a MI |d 19990615 | ||
| 998 | |a BK | ||
| 090 | |g SCKHL |k Sklad Pribinova prízemie |a IV.168376 |j 881924 |i 36070-10 |s Absenčne | ||